000 00917nam a22002417a 4500
005 20150429112128.0
010 _aENG-112404
020 _a9780199452675
_c1095.00
020 _a0199452679
_c1095.00
035 _aEN-95936
037 _bDBAD/PUB
082 _a303.482469054
100 _aXavier, Angela Barreto
245 _aCatholic orientalism :
_cby Angela Barreto Xavier [and] Ines G.Zupanov
_bPortuguese Empire, Indian Knowledge (16th-18th centuries) /
260 _aNew Delhi
_bOxford University Press
_c2015
270 _aYMCA Library Building, 1 Jai Singh Road,
_bNew Delhi
_e110001
300 _axxxvi,386p. :
_c23cm(Hb)
_bill.,maps
500 _a Includes bibliographical references (pages 341-376) and index.
610 _aCatholic Church
_zSouth Asia
_x History.
650 _a Orientalism
_xHistory.
700 _aZupanov, Ines G.
942 _2ddc
_cEN
_mXAV
_h303.482469054
999 _c92299
_d92299